| 000 | 00468nam a2200181 i 4500 | ||
|---|---|---|---|
| 001 | 48364 | ||
| 003 | ES-MaACL | ||
| 005 | 20250917063032.0 | ||
| 007 | t| | ||
| 008 | 030818s1881 fr ||||1| fre d | ||
| 100 | 1 |
_aDaudet, Alphonse, _d1840-1897 _942799 |
|
| 245 | 1 | 0 |
_aJack _b: moeurs contemporaines. |
| 250 | _a21e éd. | ||
| 260 |
_aParis : _bE. Dentu, _c1881. |
||
| 300 |
_a2 v. ; _c18 cm. |
||
| 852 |
_aES-MaACL _jG-14444-5 |
||
| 999 |
_c48364 _d48364 |
||